Nákup z hlediska procesu řízení změn

Proces riadenia zmien v logistickom systéme podniku. Proces nákupu a skladovania. Riadenie zmien v nákupe a skladovaní. Procesy a subprocesy nákupu a skladovania. Total Quality Management. Umiestnenie podnikových procesov v logistických subsystémoch podniku. Reengineering nákupu.

Na minha lista:
Detalhes bibliográficos
Autor principal: Lukoszová, Xenie
Outros Autores: Huser, Stanislav
Formato: Capítulo de Livro
Idioma:tcheco
Assuntos:
Tags: Adicionar Tag
Sem tags, seja o primeiro a adicionar uma tag!

MARC

LEADER 00000naa a2200000 4500
001 r040295
005 20231003122950.4
041 0 |a cze 
044 |a CZ 
245 1 0 |a Nákup z hlediska procesu řízení změn  |c Xenie Lukoszová, Stanislav Huser 
520 |a Proces riadenia zmien v logistickom systéme podniku. Proces nákupu a skladovania. Riadenie zmien v nákupe a skladovaní. Procesy a subprocesy nákupu a skladovania. Total Quality Management. Umiestnenie podnikových procesov v logistických subsystémoch podniku. Reengineering nákupu. 
610 2 0 |a riadenie zmien 
610 2 0 |a logistika 
610 2 0 |a procesy podnikové 
610 2 0 |a podnik 
610 2 0 |a nákup 
610 2 0 |a skladovanie 
610 2 0 |a marketing 
610 2 0 |a manažment 
610 2 0 |a reengineering 
100 1 |a Lukoszová, Xenie 
700 1 |a Huser, Stanislav